The 7 Kingdoms of Life - Statistics

General Stats
  • This quiz has been taken 14 times
  • The average score is 4 of 7
Answer Stats
Answer % Correct
Animalia
79%
Bacteria
79%
Fungi
79%
Plantae
57%
Archaea
50%
Protozoa
50%
Chromista
7%
No matching quizzes found
Score Distribution
Percent of People with Each Score
Percentile by Number Answered
Your Score History
You have not taken this quiz